| Поле | Инд. | ПП | Название | Значение |
|---|---|---|---|---|
| Тип записи | a | |||
| Библиографический уровень | m | |||
| 001 | Контрольный номер | RU/IS/BASE/299844368 | ||
| 005 | Дата корректировки | 20140703175808.4 | ||
| 020 | a | ISBN | 978-5-367-00509-7 | |
| 040 | a | Служба первич. каталог. | НБ ТвГУ | |
| b | Код языка каталог. | rus | ||
| e | Правила каталог. | PSBO | ||
| 041 | 0_ | a | Код языка текста | rus |
| 080 | a | Индекс УДК | 821.161.1-2 | |
| 084 | a | Индекс другой классификации/Индекс ББК | Ш6(2=411.2)6-6 | |
| 090 | a | Полочн. индекс | Ш6(2=411.2) | |
| x | Авторский знак | П 31 | ||
| 100 | 1_ | a | Автор | Петрушевская Людмила Стефановна |
| q | Полное имя | Петрушевская Л. С. | ||
| 245 | 10 | a | Заглавие | Московский хор |
| b | Продолж. заглавия | [пьесы] | ||
| 260 | a | Место издания | Санкт-Петербург | |
| b | Издательство | Амфора | ||
| c | Дата издания | 2007 | ||
| 300 | a | Объем | 428, [2] с., [8] л. ил. | |
| 653 | a | Ключевые слова | Художественная | |
| 920 | a | Оператор | Густ | |
| 930 | a | Новая/Ретро | художественная | |
| 952 | c | Вид литературы | К рх | |
| 954 | a | Дата поступления на обработку | 20090811 |